| 000 | 00727nam a22002537a 4500 | ||
|---|---|---|---|
| 003 | CHAP | ||
| 005 | 20220329141644.0 | ||
| 008 | 971013s1990 r 00010 d | ||
| 010 | _a71719 | ||
| 011 | _a72691 | ||
| 035 | _a82247 | ||
| 040 | _cCHAP | ||
| 082 |
_a006.3 _bH5 |
||
| 100 | 0 | 0 |
_aHinton, Geoffrey E. _eed. _955543 |
| 245 | _aConnectionist symbol processing | ||
| 260 |
_aAmsterdam : _bElsevier, _c1990 |
||
| 300 | _a262 p. | ||
| 590 |
_aBATCH-UPD _b10 _c20130110 _lUCH01 _h0758 |
||
| 590 |
_aCONVERSION _b10 _c20130109 _lUCH01 _h1339 |
||
| 650 | 1 | 4 |
_aRedes neuronales artificiales. _995387 |
| 901 | _aBK | ||
| 942 | _cLIBRO | ||
| 949 |
_a006.3 H5 _bBC _cLIBRO _d33724000297461 _eLIBRO _gI.169907 _h85336 _i82247 _si _t107.33 |
||
| 999 |
_c71719 _d71719 |
||